000 00709nam a2200277Ia 4500
005 20260320195839.0
008 008 262003s9999 xx 000 0 hin d
020 _a9788126723386
037 _aEBOOK
040 _aCRL
040 _bhin
040 _cCRL
041 _2hin
041 _ahin
084 _qCRL
100 _aकुलदीप नैयर, अनु. युगांक धीर
_91133299
245 0 _aएक जिन्दगी काफी नहीं
250 _a9th
260 _bRajkamal
260 _c2012
300 _a472
856 _uhttps://ebook.indiaread.in/pdfs/9788126723386.pdf
942 _cEBOOK
999 _c1716822
_d1716822